Markets (Record no. 83202)

MARC details
000 -LEADER
fixed length control field 01277cab a22002175a 4500
001 - CONTROL NUMBER
control field L153133
008 - FIXED-LENGTH DATA ELEMENTS--GENERAL INFORMATION
fixed length control field 110613e2011 xxk 000 0 eng d
035 ## - SYSTEM CONTROL NUMBER
System control number (Sirsi) u153133
041 0# - LANGUAGE CODE
Language code of text/sound track or separate title eng
100 1# - MAIN ENTRY--PERSONAL NAME
Personal name Hatcher, David
245 00 - TITLE STATEMENT
Title Markets
Remainder of title East Anglia
260 ## - PUBLICATION, DISTRIBUTION, ETC.
Date of publication, distribution, etc. 2011
490 #0 - SERIES STATEMENT
Series statement Property Week
Volume/sequential designation 77(23) 10 June 2011, 51-56(4)
520 ## - SUMMARY, ETC.
Summary, etc. Tesco competes with restaurants to lease Wrenbridge's Benet Street site in Cambridge. Wrenbridge is considering bidding for online games company Jagex's headquarters at Cambridge Science Park. Turnstone Estates plan their East Anglia development drive on two fronts: the Cambridge office market and leisure-led schemes with cinema operator Cineworld. Receivers Allsop have put the 123 acre former British Sugar Broadmeadow site in Ipswich on the market. Mountgrange seeks consent for another phase at Cambridge Research Park. Value retailing is a key investment trend in the region. Former Zest nightclub in Ipswich is to be turned into a conference centre and nightclub.
590 ## - LOCAL NOTE (RLIN)
Local note KA
651 #4 - SUBJECT ADDED ENTRY--GEOGRAPHIC NAME
Geographic name East Anglia
690 ## - LOCAL SUBJECT ADDED ENTRY--TOPICAL TERM (OCLC, RLIN)
Topical term or geographic name as entry element PROPERTY-COMMERCIAL PROPERTY-COMMERCIAL PROPERTY FINANCE AND INVESTMENT
690 ## - LOCAL SUBJECT ADDED ENTRY--TOPICAL TERM (OCLC, RLIN)
Topical term or geographic name as entry element PROPERTY-COMMERCIAL PROPERTY-COMMERCIAL PROPERTY MARKET
700 1# - ADDED ENTRY--PERSONAL NAME
Personal name Sewell, Nick
942 ## - ADDED ENTRY ELEMENTS (KOHA)
Suppress in OPAC 0
Holdings
Withdrawn status Lost status Source of classification or shelving scheme Damaged status Not for loan Home library Current library Shelving location Date acquired Total Checkouts Full call number Barcode Date last seen Copy number Price effective from Koha item type
    Dewey Decimal Classification     London London Journal article 13/06/2011   L153133 153133-1001 06/08/2019 1 06/08/2019 Journal article